Development of web application components for semantic annotation of datasets

Gespeichert in:
Bibliographische Detailangaben
1. Verfasser: Plevko, Peter (Verfasst von)
Weitere Verfasser: Rác, Miroslav (Betreuung Doktorarbeit)
Format: Manuskript Buch
Sprache:Slowakisch
Englisch
Veröffentlicht: 2024
Schlagworte:
Online-Zugang:http://is.stuba.sk/zp/portal_zp.pl?podrobnosti=177145
Tags: Tag hinzufügen
Keine Tags, Fügen Sie das erste Tag hinzu!

MARC

LEADER 00000ntm a22000003a 4500
001 stuzp100240
003 SK-STU
005 20240608213808.7
007 ta
008 150427s2015----xo-----f-mn---000-0-slo-d
040 |a STU  |b slo 
041 0 |a eng 
100 1 |a Plevko, Peter  |u 070400  |4 aut  |U FIIT Fakulta informatiky a informačných technológií  |T FIIT Ústav počítačového inžinierstva a aplikovanej informatiky  |X 103097  |U I400  |Y 672  |7 103097 
242 0 1 |a Vývoj súčastí webovej aplikácie na sémantickú anotáciu datasetov  |y slo 
245 1 0 |a Development of web application components for semantic annotation of datasets 
260 |c 2024 
650 4 |a annotácia datasetu  |2 slo 
650 4 |a analýza výkonu  |2 slo 
650 4 |a webová aplikácia  |2 slo 
650 4 |a web application  |2 eng 
650 4 |a dataset annotation  |2 eng 
650 4 |a performance analysis  |2 eng 
700 1 |a Rác, Miroslav  |u 070000  |k Z9  |4 ths  |T FIIT Fakulta informatiky a informačných technológií  |X 52961  |U I  |Y 70  |7 52961 
856 4 |u http://is.stuba.sk/zp/portal_zp.pl?podrobnosti=177145